000 00408nam a2200181Ia 4500
005 20250603145033.0
008 250603s9999 xx 000 0 und d
020 _a0333-93506-3
050 _aBV 4509 .5 .P73/
100 _aPrasad, Kesho
245 0 _aGetting the right people
260 _aDelhi
260 _bMacmilian India
260 _c2001
300 _a186 p
650 _aDelhi
942 _cBK
999 _c40681
_d40681